Shapeys : let's visit the farm

Bibliographic Details
Main Author: Alexander, Andrian
Format: Book
Published: Sg : Teachers@work , [s.n]
Series:Shapeys; Level 1 Book C (Science)
Subjects:

MARC

LEADER 00000cam a2200000 7i4500
001 0000032859
005 20220105104059.0
008 120627
020 |a 9812744920 (Set) 
020 |a 9812744924 
090 0 0 |a JP   |b EL ENG 
100 1 |a Alexander, Andrian 
245 1 0 |a Shapeys :   |b let's visit the farm   |c written and illustrated by Adrian Alexander 
260 |a Sg :   |b Teachers@work ,   |c [s.n] 
440 |a Shapeys; Level 1 Book C (Science) 
500 |a Children age 4-6 years old (yellow) 
650 0 |a Early childhood education 
650 0 |a English fiction 
999 |a 0001141576   |b Book   |c Children Collection   |e Cawangan Taman Sri Lambak 
999 |a 0001141577   |b Book   |c Children Collection   |e Cawangan Bukit Gambir 
999 |a 0001141579   |b Book   |c Children Collection   |e Cawangan Taman Sri Lambak 
999 |a 0001141580   |b Book   |c Baby   |e Cawangan Bandar Tenggara 
999 |a 0001141581   |b Book   |c Children Collection   |e Cawangan Segamat 
999 |a 0001141583   |b Book   |c Children Collection   |e Cawangan Taman Universiti 
999 |a 0001141585   |b Book   |c Children Collection   |e Cawangan Pontian 
999 |a 0001141586   |b Book   |c Children Collection   |e Cawangan Tangkak 
999 |a 0001141587   |b Book   |c Children Collection   |e Cawangan Bandar Penawar 
999 |a 0001141589   |b Book   |c Children Collection   |e Perbadanan Perpustakaan Awam Johor 
999 |a 0001141591   |b Book   |c Children Collection   |e Cawangan AEON Kulaijaya